000 00412nam a2200169Ia 4500
001 35773
008 140421s9999 xx 000 0 und d
020 _a0195690761
040 _cPK-LaUMT
082 _a 954.0317
_bEIG-
100 _aPati, Biswamoy
245 4 _aThe 1857 rebellion
_cPati, Biswamoy
260 _aNew Delhi,India:
_bOxford University,
_c2008
300 _a322 p.
546 _aEN
942 _cBK
999 _c35288
_d35288